Normal view
MARC view
- Imaginary places
Entry Topical Term
001 - CONTROL NUMBER
- control field: 11962
003 - CONTROL NUMBER IDENTIFIER
- control field: NUST
005 - DATE AND TIME OF LATEST TRANSACTION
- control field: 20180724070526.0
008 - FIXED-LENGTH DATA ELEMENTS
- fixed length control field: 180724|| aca||aabn | a|a d
040 ## - CATALOGING SOURCE
- Original cataloging agency: NUST
- Transcribing agency: NUST
150 ## - HEADING--TOPICAL TERM
- Topical term or geographic name entry element: Imaginary places
- Form subdivision: Fiction.
670 ## - SOURCE DATA FOUND
- Source citation: Work cat.: (NUST)173334: Nix, Garth. 11961, Castle /, 2000.
